[Event "Regionalliga NO 0405"]
[Site "Bayern"]
[Date "2005.04.10"]
[Round "9.8"]
[White "Gnad, Wolfgang"]
[Black "Moroz, Grigorij"]
[Result "1/2-1/2"]
[WhiteElo "1683"]
[BlackElo "1985"]
[PlyCount "120"]
[EventDate "2004.10.24"]
[EventType "team-tourn"]
[EventRounds "9"]
[EventCountry "GER"]
[SourceTitle "EXT 2007"]
[Source "ChessBase"]
[SourceDate "2006.11.23"]
[SourceVersion "1"]
[SourceVersionDate "2006.11.23"]
[SourceQuality "1"]
[WhiteTeam "Regensburg Fortuna III"]
[BlackTeam "Weiden"]
[WhiteTeamCountry "GER"]
[BlackTeamCountry "GER"]

1. Nf3 Nf6 2. d4 e6 3. c4 d5 4. Nc3 Be7 5. cxd5 exd5 6. Bf4 c6 7. e3 Bf5 8. Bd3 Bxd3 9. Qxd3 Nbd7 10. h3 0-0 11. 0-0 Re8 12. Rfc1 Nf8 13. a3 Ng6 14. Bh2 Bd6 15. Bxd6 Qxd6 16. b4 b5 17. Qc2 Nd7 18. Nd1 Rec8 19. Nb2 Nb6 20. Nd2 Nc4 21. Nd3 Rf8 22. e4 Nxd2 23. e5 Nf3+ 24. gxf3 Qe6 25. Kh2 Qf5 26. Qe2 Nf4 27. Nxf4 Qxf4+ 28. Kg2 Qxd4 29. Ra2 Rae8 30. Qe3 Qxe3 31. fxe3 Rxe5 32. Rxc6 Rxe3 33. Rc5 a6 34. Rxd5 g6 35. Rd6 Ra8 36. Kf2 Rb3 37. a4 Rxb4 38. axb5 a5 39. Ra6 Rb8 40. R6xa5 R8xb5 41. Rxb5 Rxb5 42. Ra7 Kg7 43. Rc7 g5 44. Rc6 h5 45. Ra6 Rb1 46. Ra5 Kg6 47. Ra6+ f6 48. Ra5 Rb2+ 49. Kg1 Rd2 50. Rb5 h4 51. Ra5 Rd4 52. Rb5 Kf7 53. Rb6 Ke7 54. Ra6 Rd6 55. Ra4 Ke6 56. Ra2 Ke5 57. Kg2 Kf4 58. Kf2 Rd4 59. Rb2 Rc4 60. Ra2 f5 1/2-1/2